| 000 | 00451nam a2200193Ia 4500 | ||
|---|---|---|---|
| 005 | 20240823040341.0 | ||
| 008 | 240823s9999||||xx |||||||||||||| ||und|| | ||
| 020 | _a978-81-8493-503-5 | ||
| 041 | _aTAMIL | ||
| 082 | _A894.8113 Q1 | ||
| 100 | _aJeyamohan | ||
| 245 | 0 | _aPei Kathaigalum Devathai Kathaigalum | |
| 250 | _a1st | ||
| 260 |
_c2011 _bKizhakku Pathi |
||
| 500 | _aYES | ||
| 650 |
_aGeneral _bGeneral |
||
| 942 | _cBK | ||
| 999 |
_c202897 _d202897 |
||